Balthus: obras y entrevista

Saved in:
Bibliografiske detaljer
Hovedforfatter: Bal, Mieke (Author)
Format: Bog
Sprog:spansk
Udgivet: Barcelona Ediciones Polígrafa 2008
Udgivelse:1a. ed
Fag:
Tags: Tilføj Tag
Ingen Tags, Vær først til at tagge denne postø!

MARC

LEADER 00000cam a2200000 a 4500
001 UCE1211
003 CL-VaPUC
008 140331e20080000sp |||||||||||||||||spa|d
020 |a 9788434311640 
082 0 4 |a 759.4  |b BAL  |2 21 
100 0 |a Bal, Mieke  |e author  |9 573561 
245 1 0 |a Balthus: obras y entrevista 
250 |a 1a. ed 
300 |a 159 p 
942 |c BK 
945 |d 20140331 09:48:00  |a dcastane 
260 |a Barcelona  |b Ediciones Polígrafa  |c 2008 
650 0 |a Pintores franceses   |9 340354 
650 0 |a Pintura francesa  |9 266122 
650 0 |a Biografías  |9 255210 
583 |a last modification  |c 20140331 09:48:00  |k Rodrigo Vera 
999 |c 355090  |d 355088 
952 |0 0  |1 0  |3 erd  |4 0  |6 759_400000000000000_BAL_2008  |7 0  |8 R  |9 461460  |a BIBART  |b BIBART  |i 5065488  |o 759.4 BAL 2008  |p 5065488  |r 2025-03-13  |w 2019-11-23  |y BK_R  |z Catalogado en:20140331  |k ART